American journal of mathematics / (Record no. 18037)
[ view plain ]
| 000 -LEADER | |
|---|---|
| fixed length control field | 00407nam a22001097a 4500 |
| 008 - FIXED-LENGTH DATA ELEMENTS--GENERAL INFORMATION | |
| fixed length control field | 230327b ||||| |||| 00| 0 eng d |
| 082 ## - DEWEY DECIMAL CLASSIFICATION NUMBER | |
| Classification number | DPer 510.5 Am351 June - August 2021 v143 no. 3-4 |
| 245 ## - TITLE STATEMENT | |
| Title | American journal of mathematics / |
| 260 ## - PUBLICATION, DISTRIBUTION, ETC. (IMPRINT) | |
| Place of publication, distribution, etc. | Baltimore, Maryland U.S., |
| Name of publisher, distributor, etc. | Johns Hopkins University Press, |
| Date of publication, distribution, etc. | June-August 2021. |
| 300 ## - PHYSICAL DESCRIPTION | |
| Extent | various paging: |
| Other physical details | color illustrations; |
| Dimensions | 27 cm. |
| 942 ## - ADDED ENTRY ELEMENTS (KOHA) | |
| Source of classification or shelving scheme | Dewey Decimal Classification |
| Koha item type | Periodicals |
| Withdrawn status | Lost status | Source of classification or shelving scheme | Damaged status | Not for loan | Collection code | Home library | Current library | Date acquired | Total Checkouts | Full call number | Barcode | Date last seen | Price effective from | Koha item type | Public note |
|---|---|---|---|---|---|---|---|---|---|---|---|---|---|---|---|
| Dewey Decimal Classification | Periodicals | UM Digos College - LIC | UM Digos College - LIC | 03/27/2023 | DPer 510.5 Am351 June - August 2021 v143 no. 3-4 | 00181 | 03/27/2023 | 03/27/2023 | Periodicals | Bound periodical |
